000 00328nam a2200145Ia 4500
100 _aNone
942 _cBK
654 _aelectronics
245 _aData Formatting & Carrier Mod Transmitter trainer- ST 2106 OM
260 _bnone
_aIndore
082 _a621.381536
_bSCI
300 _a50
546 _aENGLISH
999 _c31338
_d31338